000 00301nam a2200121 a 4500
008 101025s1974|||| d
100 1 _aMaurois, A.
245 1 0 _aDve lásky Philippa Marcenata
041 _aslo
044 _axo
_cSK
020 _c23
260 _bSlovenský spisovateľ
_aBratislava
_c1974
999 _c12200
_d12200